Física elemental : tomo ii /
Guardado en:
| Autor Principal: | |
|---|---|
| Otros Autores: | |
| Formato: | Libro |
| Publicado: |
Buenos Aires :
Nigar,
1954
|
| Materias: | |
| Etiquetas: |
Agregar Etiqueta
Sin Etiquetas, Sea el primero en etiquetar este registro!
|
| LEADER | 02186nam a22002415a 4500 | ||
|---|---|---|---|
| 001 | CEM.cems017863 | ||
| 005 | 20121107105457.0 | ||
| 008 | 130507s1954##################000#0#####d | ||
| 003 | CEMS | ||
| 082 | 0 | 4 | |a 530 |
| 100 | 1 | |a Fernández, José S. | |
| 245 | 1 | 0 | |a Física elemental : |b tomo ii / |c José S. Fernández y Ernesto E. Galloni |
| 260 | |a Buenos Aires : |b Nigar, |c 1954 | ||
| 300 | |a 516 p. | ||
| 500 | |a Para uso de escuelas y colegios de Enseñanza Media | ||
| 505 | 0 | |a Fundamentos de la óptica -- Propagación de la luz -- Fotometría -- Reflexión de la luz -- Espejos -- Refracción -- Prismas -- Refracción en superficies esféricas -- Dioptras -- Lentes -- Sistemas centrados -- Dispersión de la luz por el prisma -- Recomposición -- Colores complementarios -- Espectros -- El ojo humano -- Instrumentos de óptica -- Defectos y aberraciones en los sistemas ópticos -- Naturaleza de la luz -- Teoría ondulatoria -- Interferencias -- Polarización -- Radiación -- Magnetismo -- Imanes -- Ley de Coulomb -- Campo terrestre -- Magnetismo terrestre -- Comportamiento de los materiales en el campo magnético -- Electrostática -- Atracciones y repulsiones eléctricas -- Inducción electrostática -- Máquinas eléctricas -- Campo eléctrico -- Campo -- Líneas de fuerza -- Potencial -- Capacidad -- Condensadores -- Energía -- Dielétricos -- Corriente eléctrica -- Ley de OHM -- Resistencias -- Pilas -- Asociación -- Pilas termoeléctricas -- Energía de la corriente eléctrica -- Ley de Joule -- Aplicaciones -- Electroquímica -- Electrólisis -- Ley de Faraday -- Acumuladores -- Campo magnético de la corriente eléctrica -- Acciones entre imanes y corrientes -- Aplicaciones -- Inducción electromagnética -- Oscilaciones eléctricas -- Resonancia eléctrica -- Experiencia de Lodge -- Descarga a través de gases -- Tubos de Plucker -- Rayos catódicos -- Canales y rayos X -- Radioactividad -- Particulas Alfa, Beta y Gamma | |
| 653 | |a Física | ||
| 653 | |a Física-polimodal | ||
| 653 | |a Optica | ||
| 653 | |a Magnetismo | ||
| 653 | |a Electricidad | ||
| 700 | 1 | |a Galloni, Ernesto E. | |
| 859 | |a CEMS |b BIB. CEMS - Agricultura |h 530 |i F391-1 |p A1615.12 |t Ej.1 |v II |3 II | ||
